000 00784nam a2200253Ia 4500
003 OSt
005 20220923221020.0
006 a|||||r|||| 00| 0
007 ta
008 220922b |||||||| |||| 00| 0 hin d
024 _a193,808
037 _cTextual
040 _aARTS
_cARTS
_bhin
041 _2hin
_ahin
082 _aO152,3xN5, M5
100 _aकौशिक, सुनील
_9156290
245 0 _aकथा दृश्यांश
246 _aKathā dṛushyāansha
260 _aकानपुर
_b संचयन प्रकाशन
_c1985
300 _a103पृ.
_ccm.
650 _aहिन्दी साहित्य
_9156264
942 _hO152,3xN5, M5
_cTEXL
_2CC
999 _c346227
_d346227